| 000 | 00431cam a2200169ua 4500 | ||
|---|---|---|---|
| 020 | _c$ 6.95 | ||
| 041 |
_aeng _h |
||
| 082 |
_a512 _bVAN/MO |
||
| 100 | _aVance , Elbridge P. | ||
| 245 |
_aModern college algebra / _cP.Elbridge Vance. _hTextual Documents |
||
| 260 |
_aLondon : _bAddison-Wesley Publishing Company , _c1965. |
||
| 300 | _a260 ; . | ||
| 365 | _a$ 6.95 | ||
| 504 | _a | ||
| 942 | _cBK | ||
| 999 |
_c9156 _d9156 |
||